| 000 | 00490nam a2200169Ia 4500 | ||
|---|---|---|---|
| 999 |
_c12119 _d12119 |
||
| 003 | OSt | ||
| 005 | 20201001133925.0 | ||
| 008 | 190216s9999||||xx |||||||||||||| ||und|| | ||
| 040 | _coclc | ||
| 082 |
_a821.912 _bNAI/F |
||
| 100 |
_aNaidu, Sarojini _94936 |
||
| 245 | 4 |
_aThe Feather Of The Dawn / _cSarojini Naidu |
|
| 260 |
_bAsia Publishing House, _c1961. _aBombay: |
||
| 300 | _a43p | ||
| 650 | _aEnglish Poetry | ||
| 942 |
_cBK _2ddc _h821.912 _iNAI/F _k821.912 _mNAI/F |
||